| 000 | 00643nam a2200229 a 4500 | ||
|---|---|---|---|
| 001 | BRCA_6357 | ||
| 005 | 20190320205426.0 | ||
| 008 | 140110s1923----gw-a######---#000-0#ger-# | ||
| 041 | _ager | ||
| 044 | _agw | ||
| 050 | 4 |
_aND804 _b.L63 2 1923 |
|
| 100 | 1 |
_aLoga, Valerian von _910307 |
|
| 245 | 1 | 0 |
_aDie Malerei in Spanien vom XIV bis XVIII Jahrhundert _cvon Valerian von Loga. |
| 260 |
_aBerlín _bG. Grote _c1923 |
||
| 300 |
_avii, 439 p. _bil. _c18 cm. |
||
| 500 | _aIncluye índice de autores | ||
| 500 | _aEjemplar igual a CDE32 | ||
| 500 | _aO217 | ||
| 650 | 1 | 4 |
_aPintura _xHistoria _zEspaña _910308 |
| 902 | _aGFM | ||
| 942 |
_2lcc _cB |
||
| 999 |
_c6043 _d6043 |
||